00798nam a2200217 i 4500003000900000005001700009007000300026008004100029040003000070082001300100110002700113240001700140245011100157264005500268300002500323336002700348337003300375338002800408500007000436500007400506DO-SdBNP20230925152018.0ta140217s2007 dr 000 0 spa d aDO-SdBNPbspacBNPHUerda bR426222 aRepública Dominicana10a[leyes,etc.]10aLey No. 12-07 sobre multas y sanciones :bLey No. 448-06 sobre soborno en el comercio y la inversión / 1aSanto Domingo :b[editor no identificado], c2007. a10 páginasc21 cm. 2rdacontentatextobtxt 2rdamediaasin mediaciónbn 2rdacarrieravolumenbnc aley No. 12-07 gaceta oficial No. 10397, del 24 de enero del 2007. aley No. 448-06 gaceta oficial No. 10397, del 6 de diciembre del 2006.